000 00210 a2200109 4500
020 _a9781442459670
041 _aspa
100 _aShaw, Natalie
245 _aOlivia Vende Galletas
942 _cBK
952 _74
999 _c20317
_d20317